000 00456nam a2200181Ia 4500
008 100917s9999 xx 000 0 und d
082 _b53837
100 _aखानोलकर चि. त्र्यं.
245 _aअजगर
260 _bमौज प्रकाशन
_c1965
300 _a112
365 _b3
520 _aनाटक
630 _aअजगर
650 _aनाटक
730 _aअजगर
942 _cBOOK
999 _c659231
_d659228